Advertising. (Record no. 84184)

MARC details
000 -LEADER
fixed length control field 01917cam a2200373 i 4500
001 - CONTROL NUMBER
control field GVRL514Z
003 - CONTROL NUMBER IDENTIFIER
control field MiFhGG
005 - DATE AND TIME OF LATEST TRANSACTION
control field 20250819155648.0
006 - FIXED-LENGTH DATA ELEMENTS--ADDITIONAL MATERIAL CHARACTERISTICS
fixed length control field m o d
007 - PHYSICAL DESCRIPTION FIXED FIELD--GENERAL INFORMATION
fixed length control field cr un ---uuuua
008 - FIXED-LENGTH DATA ELEMENTS--GENERAL INFORMATION
fixed length control field 220608t20212021nyua o 000 0 eng d
020 ## - INTERNATIONAL STANDARD BOOK NUMBER
International Standard Book Number 9781646933686
Qualifying information (electronic book)
035 ## - SYSTEM CONTROL NUMBER
System control number (OCoLC)1329273354
040 ## - CATALOGING SOURCE
Original cataloging agency MiFhGG
Language of cataloging eng
Transcribing agency MiFhGG
Description conventions rda
-- pn
050 #4 - LIBRARY OF CONGRESS CALL NUMBER
Classification number HF5828.4
Item number .A38 2021
245 00 - TITLE STATEMENT
Title Advertising.
250 ## - EDITION STATEMENT
Edition statement Third edition.
264 #1 - PRODUCTION, PUBLICATION, DISTRIBUTION, MANUFACTURE, AND COPYRIGHT NOTICE
Place of production, publication, distribution, manufacture New York, New York :
Name of producer, publisher, distributor, manufacturer Ferguson,
Date of production, publication, distribution, manufacture, or copyright notice [2021]
264 #4 - PRODUCTION, PUBLICATION, DISTRIBUTION, MANUFACTURE, AND COPYRIGHT NOTICE
Date of production, publication, distribution, manufacture, or copyright notice ©2021
300 ## - PHYSICAL DESCRIPTION
Extent 1 online resource (421 pages) :
Other physical details color illustrations.
336 ## - CONTENT TYPE
Content type term text
Content type code txt
Source rdacontent
337 ## - MEDIA TYPE
Media type term computer
Media type code c
Source rdamedia
338 ## - CARRIER TYPE
Carrier type term online resource
Carrier type code cr
Source rdacarrier
490 1# - SERIES STATEMENT
Series statement Ferguson's careers in focus
490 0# - SERIES STATEMENT
Series statement Gale eBooks
505 0# - FORMATTED CONTENTS NOTE
Formatted contents note Advertising account executives -- Advertising managers -- Advertising workers -- Art directors -- Business managers -- Copywriters -- Demographers -- Desktop publishing specialists -- Digital advertising workers -- Digital designers -- Fashion photographers -- Food photographers -- Graphic designers -- Illustrators -- Internet marketing and advertising consultants -- Market research analysts -- Marketing consultants -- Marketing managers -- Media planners and buyers -- Media relations specialists -- Public opinion researchers -- Search engine optimization specialists -- Social media influencers -- Songwriters -- Statisticians -- Telemarketers.
520 ## - SUMMARY, ETC.
Summary, etc. Profiles jobs in Advertising such as advertising account executives, advertising managers, art directors, models, photo stylists, and more.
650 #0 - SUBJECT ADDED ENTRY--TOPICAL TERM
Topical term or geographic name entry element Advertising
General subdivision Vocational guidance.
710 2# - ADDED ENTRY--CORPORATE NAME
Corporate name or jurisdiction name as entry element Gale (Firm)
830 #0 - SERIES ADDED ENTRY--UNIFORM TITLE
Uniform title Careers in focus.
856 40 - ELECTRONIC LOCATION AND ACCESS
Uniform Resource Identifier <a href="https://link.gale.com/apps/pub/514Z/GVRL?sid=gale_marc&u=phurs">https://link.gale.com/apps/pub/514Z/GVRL?sid=gale_marc&u=phurs</a>
Public note Available via Gale eBooks. Click here to access
912 ## -
-- 514Z
942 ## - ADDED ENTRY ELEMENTS (KOHA)
Source of classification or shelving scheme Library of Congress Classification
Koha item type E-Book
Holdings
Withdrawn status Source of classification or shelving scheme Damaged status Not for loan Home library Current library Date acquired Total Checkouts Date last seen Price effective from Koha item type
  Library of Congress Classification     E-Books Gale E-Books Gale 02/20/2025   02/20/2025 02/20/2025 E-Book

University of Rizal System
Email us at univlibservices@urs.edu.ph

Visit our Website www.urs.edu.ph/library